Lapurdiko Herriak - Estadísticas

Estadísticas generales
  • Esta prueba ha sido intentada 32 veces
  • La puntuación promedio es 21 de 41
Estadísticas de respuestas
Herria % Correcto
Angelu
100%
Baiona
100%
Biarritz
100%
Donibane Lohizune
89%
Hendaia
89%
Sara
89%
Urruña
89%
Ainhoa
78%
Kanbo
78%
Biriatu
67%
Ezpeleta
67%
Getaria
67%
Hazparne
67%
Ziburu
67%
Azkaine
56%
Beskoitze
44%
Bidarte
44%
Hiriburu
44%
Larresoro
44%
Lekorne
44%
Lekuine
44%
Senpere
44%
Uztaritze
44%
Ahetze
33%
Arbona
33%
Arrangoitze
33%
Bardoze
33%
Bokale
33%
Itsasu
33%
Luhuso
33%
Makea
33%
Milafranga
33%
Mugerre
33%
Zuraide
33%
Ahurti
22%
Basusarri
22%
Gixune
22%
Haltsu
22%
Jatsu
22%
Lehuntze
22%
Urketa
22%
No se encontraron pruebas coincidentes
Distribución de puntuación
Porcentaje de gente con cada puntuación
Porcentaje por número respondido
Historial de tus puntuaciones
No has intentado esta prueba.